Ean legacy : la construcción de la innovación /

Detalles Bibliográficos
Autores principales: Chaux Echeverri, María Alejandra (Autor), Orejuela Duarte, Miguel Ángel (Autor)
Formato: Electrónico eBook
Lenguaje:español
Publicado: Bogotá, D.C. : Universidad EAN, 2021.
Materias:
Acceso en línea:Digitalia Hispánica

MARC

LEADER 00000nam a2200000 i 4500
001 DIGUEAN0006
003 NyNyDIG
006 m o d
007 cr |||||||||||
008 240104s2021 ck a ob 000 0 spa d
035 |a (OCoLC)1419044371 
040 |a DGITA  |b eng  |e rda  |e pn  |c DGITA 
020 |a 9789587566871  |q eBook 
020 |z 9789587566864 
050 1 4 |a NA500 ebook 
100 1 |a Chaux Echeverri, María Alejandra,  |e author. 
245 1 0 |a Ean legacy :  |b la construcción de la innovación /  |c María Alejandra Chaux Echeverri, Miguel Ángel Orejuela Duarte. 
264 1 |a Bogotá, D.C. :  |b Universidad EAN,  |c 2021. 
300 |a 1 online resource :  |b illustrations. 
336 |a text  |b txt  |2 rdacontent 
337 |a computer file  |b c  |2 rdamedia 
338 |a online resource  |b cr  |2 rdacarrier 
347 |a text file  |2 rdaft 
347 |b PDF 
504 |a Includes bibliographical references. 
588 0 |a Online resource; title from PDF title page (Digitalia, viewed January 4, 2024) 
610 2 0 |a Universidad EAN. 
650 0 |a Architecture, Modern. 
650 0 |a Architecture. 
700 1 |a Orejuela Duarte, Miguel Ángel ,  |e author. 
776 0 8 |i Print version:  |a Chaux Echeverri, María Alejandra.  |t Ean legacy.  |d Bogotá, D.C. : Universidad EAN, 2021  |z 9789587566864 
791 2 |a Digitalia (Firm),  |e distributor. 
793 0 |g Digitalia eBook Collection:  |a Universidad EAN 
856 4 0 |3 Digitalia Hispánica  |u https://www.digitaliapublishing.com/a/133033/ 
910 |a Premium collection: 2024